000 00551nam a2200181Ia 4500
005 20250326142640.0
008 250326s9999 xx 000 0 und d
037 _aTextbook
040 _aFMSL
_beng
_cFMSL
041 _aeng
_2eng
084 _qFMSL
100 _aIndia (govt. Of.........)
245 0 _aReport on the second all India sences of small scale industries unit upto 31st March 1988
_cIndia (govt. Of.........)
260 _aNew Delhi
_bNew Delhi, Nirman Bhavan
_c1992
300 _av
942 _cTB
999 _c1296000
_d1296000